|
|
|
|
| LEADER |
01081nam a2200277 a 4500 |
| 001 |
15752764 |
| 008 |
100706r20102009inua b 001 0 eng d |
| 010 |
|
|
|a 2009929458
|
| 020 |
|
|
|a 9788126523603
|
| 020 |
|
|
|a 9780470477250 (pbk. : alk. paper)
|
| 020 |
|
|
|a 9780470477250 (pbk. : alk. paper)
|
| 040 |
|
|
|a DLC
|c DLC
|d DB-DhAAL
|
| 082 |
0 |
0 |
|a 004
|2 22
|
| 100 |
1 |
|
|a Williams, Ian
|
| 245 |
1 |
0 |
|a Beginning xslt and xpath :
|b transforming xml documents and data /
|c Ian Williams
|
| 250 |
|
|
|a 1st ed.
|
| 260 |
|
|
|a Indianapolis, IN ;
|a New Delhi :
|b Wiley India,
|c 2009.[reprinted 2010]
|
| 300 |
|
|
|a xxxiii, 337 p. :
|b ill ;
|c 24 cm.
|
| 490 |
0 |
|
|a Wrox beginning guides
|
| 504 |
|
|
|a Includes bibliographical references and index.
|
| 541 |
1 |
|
|e 00020651
|
| 650 |
|
0 |
|a XSLT (Computer program language)
|
| 650 |
|
0 |
|a XPath (Computer program language)
|
| 852 |
4 |
|
|a Ayesha Abed Library
|j General Shelf.
|
| 999 |
|
|
|c 9193
|d 9193
|
| 952 |
|
|
|0 0
|1 0
|2 ddc
|4 0
|6 004_WIL_201000000000000
|7 0
|9 11584
|a BRACUL
|b BRACUL
|c GEN
|d 2010-07-07
|g 530.60
|l 1
|o 004 WIL
|p 3010020651
|r 2013-05-24
|s 2013-05-16
|t 1
|w 2010-07-07
|y BK
|